• AIU
  • Tony Wilmot Memorial Library

Arorutiet ne leel ne bo : kiptaiyandenny (Record no. 42941)

MARC details
000 -LEADER
fixed length control field 00697nam a22002051a 4500
020 ## - INTERNATIONAL STANDARD BOOK NUMBER
Terms of availability 0.00
040 ## - CATALOGING SOURCE
Original cataloging agency NEGST Library - Kenya
050 ## - LIBRARY OF CONGRESS CALL NUMBER
Classification number BS 325.K395 1968
100 ## - MAIN ENTRY--PERSONAL NAME
Personal name Bible Society of Kenya
245 ## - TITLE STATEMENT
Title Arorutiet ne leel ne bo : kiptaiyandenny
Medium [Text]
260 ## - PUBLICATION, DISTRIBUTION, ETC. (IMPRINT)
Place of publication, distribution, etc Nairobi
Name of publisher, distributor, etc The Bible Society of ken
Date of publication, distribution, etc c1968
300 ## - PHYSICAL DESCRIPTION
Extent 579 p.;
500 ## - GENERAL NOTE
General note "The New Testament in Kalenjin" - T.P. verso. [Africana]
600 ## - SUBJECT ADDED ENTRY--PERSONAL NAME
Personal name Bible N.T. - Kalenjin, 1968
600 ## - SUBJECT ADDED ENTRY--PERSONAL NAME
Personal name Kalenjin language - Texts
852 ## - LOCATION/CALL NUMBER
-- 27.00
852 ## - LOCATION/CALL NUMBER
-- 10.00
Holdings
Withdrawn status Lost status Source of classification or shelving scheme Damaged status Not for loan Collection code Home library Current library Shelving location Date acquired Source of acquisition Cost, normal purchase price Full call number Barcode Date last seen Copy number Price effective from Koha item type
    Library of Congress Classification     Special Collection AIU/NEGST - Tony Wilmot Memorial Library AIU/NEGST - Tony Wilmot Memorial Library Special Collection 02/12/2010 Donation- SIL 27.00 S BS 325.K395 1968 R36889K3232 09/26/2019 1 02/12/2010 Africana Collection (Special)
    Library of Congress Classification     Special Collection AIU/NEGST - Tony Wilmot Memorial Library AIU/NEGST - Tony Wilmot Memorial Library Special Collection 02/12/2010 Donation- SIL 10.00 S BS 325.K395 1968 R36884W3232 09/26/2019 2 02/12/2010 Africana Collection (Special)